000
00321 a2200157 4500
001
45934
020
_a
9788538000945
040
_c
Anchieta - Aquarius
240
1
0
_a
Abraços
_l
por
245
1
0
_a
Abraços
300
_a
362
0
_a
2008
440
1
_a
Ciranda Cultural
650
4
_a
Literatura infantil
942
_c
BK
999
_c
45934
_d
45934